000 00639nam a2200253Ia 4500
003 OSt
005 20221006142520.0
006 a|||||r|||| 00| 0
007 ta
008 221006b |||||||| |||| 00| 0 eng d
020 _c16.00
024 _a6,507
037 _cTextual
040 _aEASL
_cEASL
_beng
041 _2eng
_aeng
082 _aY.4313.N5, K4
100 _aVAN CHI Hoang
_9647858
245 0 _aFrom colonialism to communism
260 _aMadras
_bAllied Pub.
_c1964
300 _a210p.
_ccm.
490 _v Oth
942 _hY.4313.N5, K4
_cTEXL
_2CC
999 _c1074593
_d1074593